| 000 | 01330cam a22001814a 4500 | ||
|---|---|---|---|
| 005 | 20250605163931.0 | ||
| 008 | 250528s ||||||||||||||||||||||||d | ||
| 035 | _a14705 | ||
| 040 |
_aGR-AtMCL _bgre _dGR-AtMCL _eAACR2 |
||
| 245 | 1 | _aΝοητική Καθυστέρηση / Διαφορική Διάγνωση, Αιτιολογία - Πρόληψη, Ψυχοπαιδαγωγική Αντιμετώπιση | |
| 260 |
_bΟργανισμός Εκδόσεων Διδακτικών Βιβλίων, _c1980 |
||
| 300 | _a240 | ||
| 520 | _aΠρόλογος, Πίνακας Περιεχομένων, Βασικές Έννοιες της Νοητικής Καθυστερήσεως, Αιτολογία και Πρόληψη της Νοητικής Καθυστερήσεως, Διάγνωση της Νοητικής Καθυστερήσεως, Αγωγή των Εκπαιδευτικών Ι: Σκοποί και Οργάνωση της, Αγωγή των Εκπαιδευτικών ΙΙ: Προγράμματα και Μέθοδοι Διδασκαλίας, Αγωγή των Ασκήσιμων, Πίνακας Κύριων Ονομάτων, Αλφαβητικό Ευρετήριο Περιεχομένων. | ||
| 700 | 1 |
_aΠαρασκευόπουλος Ιωάννης Μ _9202 |
|
| 942 | _cBK | ||
| 999 |
_c326 _d326 |
||